[Event "ICS Rated standard match"]
[Site "207.99.83.229"]
[Date "1999.07.03"]
[Round "?"]
[White "robbok1"]
[Black "Hossa"]
[Result "0-1"]
[WhiteElo "2477"]
[BlackElo "2276"]
[PlyCount "74"]

1. e4 Nf6 2. Nc3 e5 3. Nf3 Bb4 4. Nxe5 O-O 5. Nd3 Bxc3 6. dxc3 Nxe4 7. Be3 d5
8. g3 Nf6 9. h3 Bf5 10. Bg2 Re8 11. O-O Nc6 12. Re1 Qd7 13. Nc5 Qc8 14. g4 Bg6
15. Bxd5 Rd8 16. c4 Nb4 17. Bxb7 Rxd1 18. Raxd1 Qf8 19. g5 Re8 20. gxf6 gxf6
21. Bd4 Rxe1+ 22. Rxe1 Qd8 23. c3 Nc2 24. Rd1 Qe7 25. Bf3 Ne1 26. Be4 f5 27.
Bd5 Bh5 28. Bf6 Qe2 29. Rd4 h6 30. b4 Kh7 31. Rf4 c6 32. Bg2 Nf3+ 33. Rxf3 Bxf3
34. Bxf3 Qxf3 35. Bd4 Qxh3 36. Be5 f4 37. Bxf4 37... Qxc3 {robbok1 resigns} 0-1

[Event "ICS rated standard match"]
[Site "207.99.83.229"]
[Date "1999.07.03"]
[Round "?"]
[White "Hossa"]
[Black "robbok1"]
[Result "0-1"]
[WhiteElo "2300"]
[BlackElo "2453"]
[PlyCount "71"]

1. e4 c5 2. c3 Nf6 3. e5 Nd5 4. Nf3 d6 5. d4 Bf5 6. Qb3 Nb6 7. Bb5+ Nc6 8. dxc5
dxc5 9. Bxc6+ bxc6 10. O-O Bd3 11. Rd1 c4 12. Qa3 e6 13. Qa6 Qc7 14. Be3 Nd5
15. Bg5 f6 16. exf6 gxf6 17. Bh4 Rb8 18. Nd4 Rb6 19. Qa4 e5 20. Nb3 Qc8 21. Na5
Rxb2 22. Qxc6+ Qxc6 23. Nxc6 Rg8 24. Rd2 Rb6 25. Nb4 Nxb4 26. cxb4 Bxb4 27. Rb2
Rg4 28. Bg3 Re4 29. Nd2 c3 30. Rxb4 cxd2 31. Rxe4 Bxe4 32. h3 Bb1 33. a4 d1=Q+
34. Kh2 Rb3 35. h4 Qd4 36. Rxb1 {Hossa resigns} 0-1

[Event "ICS rated standard match"]
[Site "207.99.83.229"]
[Date "1999.07.03"]
[Round "?"]
[White "OHFish"]
[Black "Hossa"]
[Result "0-1"]
[WhiteElo "1952"]
[BlackElo "2291"]
[PlyCount "102"]

1. e4 e5 2. Bc4 Bc5 3. Nf3 Nc6 4. O-O Nf6 5. d4 Bxd4 6. Nxd4 exd4 7. e5 Nxe5 8.
Re1 Qe7 9. f4 Nfg4 10. fxe5 Qh4 11. h3 Qf2+ 12. Kh1 Qh4 13. Rf1 Nf2+ 14. Rxf2
Qxf2 15. Nd2 Qg3 16. Nf3 O-O 17. Qxd4 Qg6 18. Bd3 Qh5 19. Kh2 f6 20. g4 Qe8 21.
b3 fxe5 22. Nxe5 d6 23. Nf3 Rxf3 24. Qd5+ Qf7 25. Bc4 Rf2+ 26. Kg3 Qxd5 27.
Bxd5+ Rf7 28. Bb2 Bd7 29. Bxb7 Re8 30. Bd5 Be6 31. Bc6 Ree7 32. Bd4 a6 33. Re1
Bd7 34. Rxe7 Rxe7 35. Bd5+ Kf8 36. a4 g5 37. h4 Re2 38. c3 Be6 39. Bxe6 gxh4+
40. Kxh4 Rxe6 41. b4 Re1 42. b5 Ra1 43. bxa6 Rxa4 44. a7 c5 45. Bf6 Rxa7 46.
Kh5 d5 47. g5 Rd7 48. g6 hxg6+ 49. Kxg6 Rd6 50. Kf5 Rxf6+ 51. Kxf6 51... d4 {
OHFish resigns} 0-1

[Event "ICS rated standard match"]
[Site "207.99.83.229"]
[Date "1999.07.03"]
[Round "?"]
[White "Hossa"]
[Black "Kgambitman"]
[Result "1-0"]
[WhiteElo "2295"]
[BlackElo "1912"]
[PlyCount "31"]

1. e4 c5 2. Bc4 e6 3. d4 cxd4 4. Nf3 Nc6 5. O-O Nf6 6. Bg5 h6 7. Bxf6 Qxf6 8.
Qe2 d6 9. c3 Be7 10. cxd4 Nxd4 11. Nxd4 Qxd4 12. Bb5+ Bd7 13. Bxd7+ Kxd7 14.
Qb5+ Kc8 15. Rc1+ Kb8 16. Qd7 {Kgambitman resigns} 1-0

[Event "ICS rated standard match"]
[Site "207.99.83.229"]
[Date "1999.07.03"]
[Round "?"]
[White "OHFish"]
[Black "Hossa"]
[Result "0-1"]
[WhiteElo "1938"]
[BlackElo "2298"]
[PlyCount "26"]

1. e4 e5 2. Nf3 Nc6 3. Bc4 Nf6 4. O-O Bb4 5. a3 Be7 6. Re1 O-O 7. h3 Nxe4 8.
Rxe4 d5 9. Bxd5 Qxd5 10. Nc3 Qd6 11. Nb5 Qg6 12. Qe2 Bxh3 13. Kh2 13... Qxg2# {
OHFish checkmated} 0-1

[Event "ICS rated standard match"]
[Site "207.99.83.229"]
[Date "1999.07.03"]
[Round "?"]
[White "Hossa"]
[Black "Esen"]
[Result "1-0"]
[WhiteElo "2302"]
[BlackElo "1982"]
[PlyCount "110"]

1. e4 c6 2. d4 d5 3. Nc3 dxe4 4. Nxe4 Bf5 5. Ng3 Bg6 6. h4 h6 7. Nf3 Nd7 8. h5
Bh7 9. Bd3 Bxd3 10. Qxd3 Qc7 11. Bd2 e6 12. O-O-O Ngf6 13. Rhe1 O-O-O 14. Qc4
Nb6 15. Qe2 Bd6 16. Ne5 Bxe5 17. dxe5 Nfd5 18. Ba5 Qe7 19. Ne4 Rd7 20. Nd6+ Kb8
21. c4 Nc7 22. Bxb6 axb6 23. Qe3 c5 24. Ne4 Rhd8 25. Rd6 Na8 26. Red1 Rxd6 27.
Rxd6 Rxd6 28. exd6 Qd7 29. Qd3 Kc8 30. Kd2 Qc6 31. g4 Kd7 32. Ke3 Qa4 33. Qb3
Qxb3+ 34. axb3 f6 35. Kf4 Kc6 36. f3 Kd7 37. Ke3 Kc6 38. Kf2 Kd7 39. Ke2 Kc6
40. Kd2 Kd7 41. f4 Kc6 42. Kc3 Kd7 43. f5 e5 44. b4 cxb4+ 45. Kxb4 Kc6 46. Kc3
Kd7 47. Kd3 Kc6 48. Ke3 Kd7 49. b4 b5 50. c5 b6 51. g5 hxg5 52. h6 gxh6 53.
Nxf6+ Kd8 54. Nd5 bxc5 55. f6 55... cxb4 {Esen resigns} 1-0

[Event "ICS rated standard match"]
[Site "207.99.83.229"]
[Date "1999.07.03"]
[Round "?"]
[White "PROSZACH"]
[Black "Hossa"]
[Result "0-1"]
[WhiteElo "2307"]
[BlackElo "2325"]
[PlyCount "128"]

1. b4 e5 2. Bb2 Bxb4 3. Bxe5 Nf6 4. Nf3 Nc6 5. Bb2 O-O 6. e3 d5 7. Be2 Bg4 8.
O-O Qe7 9. d3 Rae8 10. Nbd2 Be6 11. Rb1 Ng4 12. h3 Nh6 13. Re1 Nf5 14. Bf1 a5
15. Ba1 b6 16. c3 Bd6 17. Qa4 Bd7 18. Qc2 Qe6 19. e4 Nfe7 20. d4 Qg6 21. Qd3
Bf4 22. exd5 Nxd5 23. Qxg6 hxg6 24. Nc4 Bf5 25. Rxe8 Rxe8 26. Re1 Rxe1 27. Nxe1
b5 28. Na3 b4 29. cxb4 axb4 30. Nb5 Bd2 31. Nd3 Nce7 32. a4 Nc6 33. Bb2 Kf8 34.
Ne5 Nxe5 35. dxe5 c6 36. Nd6 Bc3 37. Nc4 Nb6 38. Nxb6 Bxb2 39. Bc4 Ke7 40. Kf1
Bxe5 41. Ke2 Be6 42. Kd3 b3 43. Bxe6 Kxe6 44. a5 Bd4 45. f4 Bxb6 46. axb6 Kd7
47. Kc3 b2 48. Kxb2 c5 49. Kc3 Kc6 50. Kc4 Kxb6 51. g4 f5 52. gxf5 gxf5 53. Kd5
Kb5 54. h4 c4 55. Ke6 c3 56. Kxf5 c2 57. Kg6 c1=Q 58. Kxg7 Qxf4 59. h5 Kc6 60.
h6 Qg5+ 61. Kf7 Qxh6 62. Ke7 Qg6 63. Kd8 Qe4 64. Kc8 64... Qe8# {
PROSZACH checkmated} 0-1

[Event "ICS Rated standard match"]
[Site "207.99.83.229"]
[Date "1999.07.03"]
[Round "?"]
[White "Hossa"]
[Black "SPIKE-1"]
[Result "0-1"]
[WhiteElo "2326"]
[BlackElo "2380"]
[PlyCount "67"]

1. e4 e5 2. c3 d5 3. exd5 Qxd5 4. d4 exd4 5. Bf4 c5 6. cxd4 cxd4 7. Nd2 Nc6 8.
f3 d3 9. Rc1 Bf5 10. g4 Bg6 11. Nb3 Nf6 12. g5 Nh5 13. Bd2 Qe5+ 14. Kf2 Qxb2
15. a4 Bd6 16. a5 Bf4 17. Rb1 Qc2 18. Qxc2 dxc2 19. Re1+ Kd7 20. Bxf4 Nxf4 21.
Kg3 Rhe8 22. Rxe8 Nh5+ 23. Kf2 Rxe8 24. a6 bxa6 25. Bxa6 Re5 26. h4 Nb4 27. Bf1
Nf4 28. Kg3 Nbd3 29. Bxd3 Nxd3 30. Rh2 Rb5 31. Rxc2 Rxb3 32. Ra2 Rb7 33. Ne2
Nb4 34. Ra1 {Hossa resigns} 0-1

[Event "ICS Rated blitz match"]
[Site "207.99.83.229"]
[Date "1999.07.03"]
[Round "?"]
[White "nluis"]
[Black "Hossa"]
[Result "1/2-1/2"]
[WhiteElo "2449"]
[BlackElo "2463"]
[PlyCount "314"]

1. e4 e5 2. Nf3 Nc6 3. Bb5 a6 4. Ba4 Nf6 5. O-O Bc5 6. c3 b5 7. Bc2 d6 8. a4
Bg4 9. h3 Bxf3 10. Qxf3 b4 11. d3 O-O 12. Bg5 Rb8 13. Bxf6 Qxf6 14. Qxf6 gxf6
15. Nd2 bxc3 16. bxc3 Rb2 17. Rfc1 Na5 18. Nf3 Rfb8 19. d4 Ba7 20. Rab1 Nc6 21.
d5 Ne7 22. Rxb2 Rxb2 23. c4 Nc8 24. Ne1 Ra2 25. Rb1 Nb6 26. Bb3 Re2 27. c5 Nd7
28. Kf1 Rxe4 29. cxd6 cxd6 30. Bc2 Rf4 31. Nd3 Rc4 32. Rb7 Bd4 33. Bd1 Nc5 34.
Rc7 Kg7 35. a5 e4 36. Nxc5 Bxc5 37. Rc6 Rd4 38. Ke2 Rxd5 39. Rxa6 Bb4 40. Ba4
Rxa5 41. Rxa5 Bxa5 42. Bd7 Kg6 43. g4 Kg5 44. Ke3 Bb6+ 45. Kxe4 Bxf2 46. Kd5
Bc5 47. Ke4 Kh4 48. Bf5 h6 49. Kd5 Bb4 50. Kc4 Bd2 51. Kd5 Bf4 52. Ke4 Be5 53.
Kd5 h5 54. Ke4 Kg5 55. Bd7 hxg4 56. hxg4 Bc3 57. Bf5 Bb4 58. Ke3 Be1 59. Ke4
Bc3 60. Kd5 Bb4 61. Ke4 Ba3 62. Ke3 Kh6 63. Ke4 Kg7 64. Kd5 Kf8 65. Ke4 Ke7 66.
Kd5 Bb2 67. Ke4 Kf8 68. Kd5 Be5 69. Kc6 Ke8 70. Bd7+ Ke7 71. Bf5 Bc3 72. Kd5
Bd2 73. Ke4 Kf8 74. Kd5 Bf4 75. Ke4 Bh2 76. Bd7 Be5 77. Kd5 Bg3 78. Bf5 Ke7 79.
Ke4 Be5 80. Kd5 Bf4 81. Ke4 Bd2 82. Kd5 Bc3 83. Kc6 Bd4 84. Kd5 Bc5 85. Kc6 Ba7
86. Kd5 Be3 87. Kc6 Bf4 88. Kd5 Bh2 89. Kc6 Bg3 90. Kd5 Kf8 91. Kc6 Ke8 92. Kd5
Bf4 93. Kc6 Bh2 94. Kd5 Be5 95. Kc6 Bf4 96. Kd5 Bg3 97. Kc6 Kd8 98. Bh7 Ke7 99.
Bf5 Be1 100. Kd5 Bh4 101. Kc6 Bf2 102. Kd5 Bg1 103. Kc6 Be3 104. Kd5 Bf2 105.
Kc6 d5 106. Kxd5 Be3 107. Kc6 Bd4 108. Kd5 Be5 109. Kc6 Bg3 110. Kd5 Bf4 111.
Kc6 Ke8 112. Kd5 Bg5 113. Kc6 Kd8 114. Kd5 Ke7 115. Kc6 Bf4 116. Kd5 Bh2 117.
Kc6 Be5 118. Kd5 Bb2 119. Kc6 Kd8 120. Bh7 Bd4 121. Bg8 Ke7 122. Bh7 Ke8 123.
Bf5 Kd8 124. Bd7 Ke7 125. Bf5 Ke8 126. Bd7+ Kf8 127. Bf5 Bc3 128. Bd7 Ke7 129.
Bf5 Ke8 130. Bd7+ Kd8 131. Bf5 Ke7 132. Bd7 Bd2 133. Bf5 Ke8 134. Bd7+ Kf8 135.
Bf5 Bf4 136. Bd7 Kg7 137. Bf5 Bh2 138. Bd7 Bb8 139. Be8 Bf4 140. Bd7 Kf8 141.
Bf5 Bb8 142. Bd7 Be5 143. Bf5 Bd4 144. Bd7 Be3 145. Bf5 Ke7 146. Bd7 Kd8 147.
Bf5 Bf4 148. Bh7 Ke8 149. Bf5 Be5 150. Bd7+ Kd8 151. Bf5 Bc3 152. Bd7 Be1 153.
Bf5 Ke7 154. Bd7 Bg3 155. Bf5 Bh2 156. Bd7 Bf4 157. Bf5 157... Be3 {
Game drawn by the 50 move rule} 1/2-1/2

[Event "ICS rated blitz match"]
[Site "207.99.83.229"]
[Date "1999.07.03"]
[Round "?"]
[White "Hossa"]
[Black "Panthee"]
[Result "1-0"]
[WhiteElo "2462"]
[BlackElo "2280"]
[PlyCount "99"]

1. e4 c5 2. Bc4 e6 3. Nc3 a6 4. Nf3 Nc6 5. O-O Qc7 6. d4 cxd4 7. Nxd4 Nxd4 8.
Qxd4 b5 9. Bb3 Bb7 10. a4 b4 11. Ne2 Nf6 12. e5 Nd5 13. Bxd5 Bxd5 14. Nf4 Qc4
15. Rd1 Qxd4 16. Rxd4 Bc5 17. Rd1 Bc6 18. Nd3 Be7 19. Be3 O-O 20. Bc5 Bxc5 21.
Nxc5 Rfc8 22. Rac1 Ra7 23. Rd6 Kf8 24. a5 Ke7 25. Nd3 Rb7 26. Rd4 Rcb8 27. Rd1
Rb5 28. Rg4 g6 29. Ra1 h5 30. Rd4 R8b7 31. f4 Bd5 32. Ra4 Bc6 33. Nxb4 Bd5 34.
b3 Bc6 35. Nxa6 Ra7 36. Nb4 Rbxa5 37. Rxa5 Rxa5 38. h4 Bb7 39. Kf2 Ra1 40. g3
Rc1 41. Rd3 Bc8 42. Ke3 f6 43. Rc3 Bb7 44. Rc7 Bh1 45. exf6+ Kxf6 46. Rxd7 Rf1
47. Nd3 Rf3+ 48. Kd4 Rxg3 49. Ne5 Rh3 50. Rf7# {Panthee checkmated} 1-0

[Event "ICS Rated standard match"]
[Site "207.99.83.229"]
[Date "1999.07.03"]
[Round "?"]
[White "attakinski"]
[Black "Hossa"]
[Result "1-0"]
[WhiteElo "2537"]
[BlackElo "2313"]
[PlyCount "80"]

1. d4 d5 2. c4 dxc4 3. Nf3 Nf6 4. e3 e6 5. Bxc4 c5 6. O-O a6 7. Qe2 Be7 8. Nc3
b5 9. Bb3 c4 10. Bc2 O-O 11. a4 b4 12. Ne4 Nbd7 13. Nfd2 Bb7 14. Nxf6+ Nxf6 15.
Nxc4 Rc8 16. b3 Qd5 17. f3 Qh5 18. e4 Rfd8 19. Be3 Nd7 20. Rac1 Nb8 21. Qe1 Nc6
22. d5 exd5 23. exd5 Rxd5 24. Nb6 Bd6 25. f4 Re8 26. Nxd5 Qxd5 27. Qf2 Qh5 28.
Rcd1 Re6 29. Rfe1 Bc8 30. Be4 Ne7 31. Ba7 Rh6 32. h3 Qa5 33. Bb6 Qh5 34. Bf3
Qf5 35. Bg4 Qf6 36. Bc5 Qc3 37. Bxd6 Rxd6 38. Rxd6 Qc7 39. Qd4 h5 40. Bxc8
40... Nxc8 {Hossa resigns} 1-0

[Event "ICS rated blitz match"]
[Site "207.99.83.229"]
[Date "1999.07.03"]
[Round "?"]
[White "Hossa"]
[Black "Panthee"]
[Result "1/2-1/2"]
[WhiteElo "2470"]
[BlackElo "2270"]
[PlyCount "105"]

1. d4 a6 2. c4 e6 3. Nc3 c5 4. Nf3 cxd4 5. Nxd4 Nf6 6. e4 Bb4 7. Bd2 Bxc3 8.
Bxc3 Nxe4 9. Qf3 Nxc3 10. Qxc3 Qf6 11. Be2 Nc6 12. Rd1 Nxd4 13. Rxd4 O-O 14.
Qe3 d5 15. O-O dxc4 16. Bxc4 b5 17. Bd3 Bb7 18. Rd7 Bd5 19. a4 Qxb2 20. Rb1 Qf6
21. Qh3 h6 22. axb5 axb5 23. Bxb5 Rfb8 24. Qd3 Ra1 25. Rxa1 Qxa1+ 26. Qf1 Qxf1+
27. Bxf1 Rb1 28. Rd8+ Kh7 29. Rc8 Kg6 30. f3 f5 31. f4 Kf6 32. h4 g5 33. fxg5+
hxg5 34. h5 f4 35. Rc7 Rb7 36. Rxb7 Bxb7 37. Be2 Kf5 38. Bd3+ Kf6 39. Be2 e5
40. Kf1 Kf5 41. Bd3+ e4 42. Bc4 g4 43. g3 f3 44. Kf2 Kg5 45. Bf7 Bc8 46. Bg6
Bf5 47. Be8 Kf6 48. Ke3 Bh7 49. Kf4 Bf5 50. Ke3 Kg5 51. Kf2 Be6 52. Bc6 Bf5 53.
Be8 {Game drawn by repetition} 1/2-1/2

[Event "ICS rated blitz match"]
[Site "207.99.83.229"]
[Date "1999.07.03"]
[Round "?"]
[White "Panthee"]
[Black "Hossa"]
[Result "0-1"]
[WhiteElo "2278"]
[BlackElo "2462"]
[PlyCount "30"]

1. e4 e5 2. Nf3 Nc6 3. a3 f5 4. exf5 e4 5. Ng1 Nf6 6. d3 Qe7 7. Be2 exd3 8.
Qxd3 Qf7 9. Nc3 Be7 10. Be3 O-O 11. O-O-O d6 12. g4 Ne5 13. Qd4 Bd8 14. f4
Nexg4 15. Bxg4 15... Nxg4 {Panthee resigns} 0-1

[Event "ICS rated blitz match"]
[Site "207.99.83.229"]
[Date "1999.07.03"]
[Round "?"]
[White "Hossa"]
[Black "Panthee"]
[Result "1-0"]
[WhiteElo "2470"]
[BlackElo "2270"]
[PlyCount "91"]

1. e4 c5 2. Bc4 e6 3. Nc3 a6 4. Nf3 Nc6 5. O-O Nf6 6. e5 Ng4 7. d4 cxd4 8. Nxd4
Ngxe5 9. Be2 d5 10. Kh1 Nxd4 11. Qxd4 Nc6 12. Qg4 g6 13. Qg3 Bd6 14. Bf4 Bxf4
15. Qxf4 O-O 16. Qh6 Qf6 17. Rae1 Qg7 18. Qh4 Bd7 19. Qg3 Rac8 20. Bd1 Rfd8 21.
Qg5 Be8 22. a3 Nb8 23. Bg4 Nd7 24. Bf3 Qf6 25. Qd2 Ne5 26. Qd4 Nd7 27. Qb4 b5
28. Re2 Ne5 29. Qd4 Nd7 30. Qd2 Nb6 31. Nd1 Nc4 32. Qb4 Kg7 33. Bg4 h5 34. Bh3
Ne5 35. Qe1 Ng4 36. Bxg4 hxg4 37. f3 gxf3 38. Rxf3 Qd4 39. Qf1 Rc7 40. c3 Qc4
41. Ne3 Qc5 42. Ng4 Bc6 43. Qc1 Rh8 44. Qf4 Be8 45. Qe5+ Kg8 46. Nf6+ {
Panthee resigns} 1-0

[Event "ICS rated blitz match"]
[Site "207.99.83.229"]
[Date "1999.07.03"]
[Round "?"]
[White "SuperChicken"]
[Black "Hossa"]
[Result "1-0"]
[WhiteElo "2758"]
[BlackElo "2478"]
[PlyCount "57"]

1. e4 e5 2. Nf3 Nc6 3. Bb5 a6 4. Ba4 Bc5 5. O-O b5 6. Bb3 Nf6 7. c3 O-O 8. d4
Ba7 9. Nxe5 Nxe4 10. Bd5 Nd6 11. Nxc6 dxc6 12. Bxc6 Rb8 13. Bf4 Rb6 14. d5 a5
15. Nd2 Qh4 16. Bg3 Qg5 17. Nf3 Qg6 18. Re1 Bb8 19. Qe2 Ba6 20. Ne5 Qh6 21. Nd7
b4 22. Qe7 g6 23. Nf6+ Kh8 24. Be5 Nc4 25. Bd4 Qg7 26. Nh5 Kg8 27. Bxg7 Rc8 28.
Qe8+ Rxe8 29. Rxe8# {Hossa checkmated} 1-0

[Event "ICS Rated standard match"]
[Site "207.99.83.229"]
[Date "1999.07.04"]
[Round "?"]
[White "Hossa"]
[Black "SPIKE-1"]
[Result "0-1"]
[WhiteElo "2306"]
[BlackElo "2385"]
[PlyCount "61"]

1. e4 c5 2. Bc4 e6 3. Nc3 Nf6 4. e5 d5 5. exf6 dxc4 6. fxg7 Bxg7 7. Nf3 Nc6 8.
O-O Rg8 9. Re1 e5 10. a4 Bh8 11. Kh1 Bf5 12. Nxe5 Nxe5 13. f4 Qh4 14. fxe5 Bxc2
15. Qe2 Bd3 16. Qe3 Rg5 17. g3 Qh6 18. Qxc5 Rh5 19. Kg1 Rxh2 20. Qb5+ Kf8 21.
Qb4+ Kg8 22. Qxb7 Re8 23. Re3 Bf1 24. Kxf1 Rh1+ 25. Ke2 Qh2+ 26. Kf3 Rf1+ 27.
Ke4 Qg2+ 28. Kd4 Qxb7 29. Kxc4 Qh1 30. Na2 Bxe5 31. Kd3 {Hossa resigns} 0-1

[Event "ICS rated standard match"]
[Site "207.99.83.229"]
[Date "1999.07.04"]
[Round "?"]
[White "Hossa"]
[Black "Neptuna"]
[Result "1-0"]
[WhiteElo "2294"]
[BlackElo "2094"]
[PlyCount "31"]

1. e4 c6 2. d4 d5 3. Nc3 dxe4 4. Nxe4 Bf5 5. Ng3 Bg6 6. h4 h6 7. Nf3 Nd7 8. h5
Bh7 9. Bd3 Bxd3 10. Qxd3 Ngf6 11. O-O e6 12. Bf4 Be7 13. Rae1 O-O 14. c4 Qa5
15. a3 Nxh5 16. Bd2 {Neptuna resigns} 1-0

[Event "ICS rated blitz match"]
[Site "207.99.83.229"]
[Date "1999.07.04"]
[Round "?"]
[White "Hossa"]
[Black "MiddleHead"]
[Result "1-0"]
[WhiteElo "2473"]
[BlackElo "2285"]
[PlyCount "36"]

1. e4 d6 2. d4 Nf6 3. Nc3 g6 4. f4 Bg7 5. Nf3 c5 6. Bb5+ Bd7 7. e5 Ng4 8. h3
Bxb5 9. hxg4 cxd4 10. Nxb5 Qa5+ 11. Kf2 Qxb5 12. exd6 e6 13. Nxd4 Qb6 14. Be3
Qxd6 15. Nf5 Qxd1 16. Nxg7+ Kf8 17. Nxe6+ fxe6 18. Raxd1 18... Nc6 {
MiddleHead resigns} 1-0

[Event "ICS Rated blitz match"]
[Site "207.99.83.229"]
[Date "1999.07.04"]
[Round "?"]
[White "Hossa"]
[Black "pagoda"]
[Result "1-0"]
[WhiteElo "2481"]
[BlackElo "2151"]
[PlyCount "55"]

1. e4 c6 2. d4 d5 3. Nc3 dxe4 4. Nxe4 Nd7 5. Ng5 Ngf6 6. Bc4 e6 7. Qe2 Nb6 8.
Bd3 h6 9. N5f3 c5 10. Nh3 cxd4 11. Bd2 Bc5 12. O-O O-O 13. Rae1 Qd6 14. c3 dxc3
15. Bxc3 Nbd5 16. Be5 Qb6 17. Nf4 Bd7 18. Nxd5 Nxd5 19. Qe4 f5 20. Qe2 Rae8 21.
Rd1 Be7 22. Nd2 Bf6 23. Nc4 Qc6 24. Nd6 Rb8 25. Rfe1 Bxe5 26. Qxe5 Qb6 27. Nxf5
Rbd8 28. Qxg7# {pagoda checkmated} 1-0

[Event "ICS Rated standard match"]
[Site "207.99.83.229"]
[Date "1999.07.04"]
[Round "?"]
[White "Neptuna"]
[Black "Hossa"]
[Result "0-1"]
[WhiteElo "2140"]
[BlackElo "2302"]
[PlyCount "114"]

1. d4 a6 2. e4 e6 3. Nf3 b5 4. a4 Bb7 5. axb5 axb5 6. Rxa8 Bxa8 7. Bxb5 Bxe4 8.
O-O Bc6 9. Bxc6 Nxc6 10. c4 Nf6 11. d5 Nb4 12. Nc3 exd5 13. cxd5 Be7 14. Nh4
O-O 15. Nf5 Bc5 16. Bg5 Re8 17. Qf3 Be7 18. d6 Bxd6 19. Nxd6 cxd6 20. Ne4 Qa8
21. Nxf6+ gxf6 22. Qxf6 Re6 23. Qd4 Rg6 24. Qxb4 Rxg5 25. f3 Qc6 26. Rd1 Qxf3
27. Qd2 Qg4 28. Ra1 d5 29. Ra8+ Kg7 30. Ra5 Qf5 31. h3 Kg6 32. Ra6+ f6 33. Rd6
Kf7 34. Kh1 Ke7 35. Rb6 Qf1+ 36. Kh2 h5 37. Rb8 d4 38. Rh8 Rd5 39. Rh7+ Ke6 40.
b4 Qf5 41. Rh8 Kf7 42. Qh6 Rb5 43. Qf8+ Ke6 44. Qe8+ Kd6 45. Qf8+ Kd5 46. Qf7+
Ke4 47. Qc4 Qe5+ 48. Kh1 Ke3 49. Ra8 d3 50. Ra3 Rd5 51. Kg1 Qd4 52. Qc1+ Ke2+
53. Kh1 d2 54. Ra2 Rf5 55. Qc2 Rf1+ 56. Kh2 Qf4+ 57. g3 57... Qf2# {
Neptuna checkmated} 0-1

[Event "ICS rated standard match"]
[Site "207.99.83.229"]
[Date "1999.07.04"]
[Round "?"]
[White "robbok1"]
[Black "Hossa"]
[Result "1-0"]
[WhiteElo "2462"]
[BlackElo "2311"]
[PlyCount "61"]

1. e4 c5 2. Nf3 Nc6 3. d4 cxd4 4. Nxd4 e6 5. Nc3 Qc7 6. Be3 Bb4 7. Ndb5 Qd8 8.
a3 Bxc3+ 9. Nxc3 Nge7 10. Qd6 f5 11. Bd3 O-O 12. O-O fxe4 13. Bxe4 Nf5 14. Bxf5
Rxf5 15. Rad1 Qh4 16. f4 Rh5 17. f5 e5 18. Qd5+ Kh8 19. Qf7 Qxh2+ 20. Kf2 h6
21. Qe8+ Kh7 22. Qg6+ Kh8 23. f6 gxf6 24. Qxf6+ Kh7 25. Qf7+ Kh8 26. Qf8+ Kh7
27. Ne4 Rh4 28. Qf7+ Kh8 29. Nf6 Rf4+ 30. Bxf4 e4 31. Qg8# {Hossa checkmated}
1-0

[Event "ICS rated blitz match"]
[Site "207.99.83.229"]
[Date "1999.07.04"]
[Round "?"]
[White "Amateur"]
[Black "Hossa"]
[Result "1/2-1/2"]
[WhiteElo "2413"]
[BlackElo "2485"]
[PlyCount "41"]

1. e4 c5 2. Nf3 e6 3. d4 cxd4 4. Nxd4 a6 5. Bd3 Bc5 6. Be3 Qb6 7. c3 e5 8. Nf5
Bxe3 9. fxe3 Nf6 10. Qb3 Qxb3 11. Nd6+ Ke7 12. Nf5+ Kf8 13. axb3 d5 14. Nd6
dxe4 15. Bc4 Ke7 16. Nxf7 Rf8 17. Nxe5 Kd6 18. Nf7+ Ke7 19. Ne5 Kd6 20. Nf7+
Ke7 21. Ne5 {Game drawn by repetition} 1/2-1/2

[Event "ICS rated standard match"]
[Site "207.99.83.229"]
[Date "1999.07.04"]
[Round "?"]
[White "Hossa"]
[Black "Speedo1"]
[Result "1-0"]
[WhiteElo "2302"]
[BlackElo "1903"]
[PlyCount "37"]

1. e4 c5 2. Nf3 d6 3. d4 cxd4 4. Nxd4 Nf6 5. Nc3 g6 6. Be2 Bg7 7. O-O O-O 8.
Be3 Nc6 9. Nb3 Bd7 10. Qd2 Nxe4 11. Nxe4 Bxb2 12. Bh6 Re8 13. c3 Bxa1 14. Nxa1
f6 15. Qd5+ Kh8 16. Qf7 Rg8 17. Bc4 Qa5 18. Nxf6 Ne5 19. Qxh7# {
Speedo1 checkmated} 1-0

[Event "ICS rated blitz match"]
[Site "207.99.83.229"]
[Date "1999.07.04"]
[Round "?"]
[White "Hossa"]
[Black "GIRONA"]
[Result "1/2-1/2"]
[WhiteElo "2482"]
[BlackElo "2086"]
[PlyCount "141"]

1. e4 d6 2. d4 Nf6 3. Nc3 c6 4. Nf3 Qa5 5. Bd2 e5 6. Nd5 Qd8 7. Nxf6+ Qxf6 8.
dxe5 dxe5 9. Bg5 Qd6 10. Qxd6 Bxd6 11. O-O-O Bc7 12. Be2 f6 13. Be3 Be6 14. Nd2
b5 15. Bh5+ g6 16. Be2 Nd7 17. c4 a6 18. Kb1 Ke7 19. h3 Rhc8 20. Bg4 Bb6 21.
Rhe1 Bxe3 22. Rxe3 Nc5 23. b4 Bxg4 24. hxg4 Ne6 25. Rh1 Ng5 26. cxb5 cxb5 27.
Nf3 Nxf3 28. Rxh7+ Ke6 29. gxf3 Rc4 30. a3 Rac8 31. Rg7 Rc1+ 32. Ka2 R1c2+ 33.
Kb3 Rxf2 34. Rb7 Rc6 35. Rb8 g5 36. Ra8 Kd6 37. Rd8+ Ke6 38. Rd1 Ke7 39. Rde1
Rcc2 40. Rb1 Kd6 41. Rd3+ Kc6 42. a4 bxa4+ 43. Kxa4 Rc4 44. Kb3 Rd4 45. Rc3+
Kb6 46. Rbc1 Rd6 47. Ra1 Rfd2 48. Ra5 R2d3 49. Rac5 Rxc3+ 50. Kxc3 Rc6 51.
Rxc6+ Kxc6 52. Kc4 Kd6 53. b5 a5 54. b6 Kc6 55. b7 Kxb7 56. Kb5 a4 57. Kxa4 Ka6
58. Kb4 Kb6 59. Kc4 Kc6 60. Kb3 Kb5 61. Kc3 Kc5 62. Kd3 Kb4 63. Kc2 Kc4 64. Kd2
Kd4 65. Ke2 Kc3 66. Ke3 Kc2 67. Ke2 Kc3 68. Ke3 Kc4 69. Kd2 Kd4 70. Ke2 Kc3 71.
Ke3 {Game drawn by repetition} 1/2-1/2

[Event "ICS rated blitz match"]
[Site "207.99.83.229"]
[Date "1999.07.04"]
[Round "?"]
[White "TLCScrub"]
[Black "Hossa"]
[Result "0-1"]
[WhiteElo "2264"]
[BlackElo "2469"]
[PlyCount "85"]

1. e4 c5 2. Nf3 e6 3. d4 cxd4 4. Nxd4 a6 5. Nc3 Qc7 6. Be3 Bd6 7. Be2 Nf6 8.
Qd2 Bb4 9. a3 Nxe4 10. axb4 Nxd2 11. Bxd2 Nc6 12. Nxc6 dxc6 13. O-O O-O 14. b5
cxb5 15. Bxb5 Bd7 16. Bd3 Qb6 17. Rab1 Rad8 18. Be3 Qa5 19. Bd2 Bc6 20. Ne4 Qe5
21. Bc3 Qf4 22. g3 Qf3 23. Rfe1 Rd7 24. Re3 Qg4 25. f3 Qh5 26. Rbe1 Bb5 27.
Bxb5 Qxb5 28. Nf2 Qf5 29. Kg2 Qxc2 30. R1e2 Qb1 31. Ng4 Rc7 32. Re4 f5 33. Nh6+
gxh6 34. Rxe6 h5 35. Re7 Rxe7 36. Rxe7 Rc8 37. Rg7+ Kf8 38. Rxh7 Qc2+ 39. Kh3
Rxc3 40. bxc3 Qxc3 41. Rxb7 Qxf3 42. Rb6 h4 43. Rxa6 {TLCScrub resigns} 0-1

[Event "ICS rated blitz match"]
[Site "207.99.83.229"]
[Date "1999.07.04"]
[Round "?"]
[White "RedBear"]
[Black "Hossa"]
[Result "1-0"]
[WhiteElo "2483"]
[BlackElo "2473"]
[PlyCount "94"]

1. Nf3 Nf6 2. c4 g6 3. d4 Bg7 4. Nc3 d5 5. Qb3 dxc4 6. Qxc4 O-O 7. e4 Nc6 8.
Be2 Bg4 9. d5 Bxf3 10. gxf3 Ne5 11. Qb3 c6 12. f4 Ned7 13. dxc6 Nc5 14. Qc4 Qb6
15. Be3 Nfxe4 16. Nxe4 Qxb2 17. Rd1 Nxe4 18. Qxe4 bxc6 19. Kf1 Qxa2 20. Bc4 Qa5
21. Qxc6 Rac8 22. Qe4 Qh5 23. Be2 Qh3+ 24. Qg2 Qf5 25. Qg4 Qe4 26. Bf3 Qa4 27.
Qd7 Qc4+ 28. Kg2 Rc7 29. Qd5 Qb4 30. f5 Rfc8 31. Rhg1 Qa4 32. fxg6 hxg6 33. Kh1
e6 34. Qg5 Qe8 35. Be4 Bc3 36. Bd4 Bxd4 37. Rxd4 a6 38. h3 Ra7 39. Qf6 Qe7 40.
Qe5 Qe8 41. f3 a5 42. Bd3 Qe7 43. Bxg6 fxg6 44. Rxg6+ Qg7 45. Rxg7+ Rxg7 46.
Qxe6+ Rf7 47. Qxc8+ 47... Kg7 {Hossa resigns} 1-0

[Event "ICS rated blitz match"]
[Site "207.99.83.229"]
[Date "1999.07.04"]
[Round "?"]
[White "Hossa"]
[Black "ANKARALI"]
[Result "1-0"]
[WhiteElo "2457"]
[BlackElo "2164"]
[PlyCount "63"]

1. e4 c5 2. Nf3 d6 3. d4 cxd4 4. Nxd4 Nf6 5. Nc3 g6 6. Be2 Bg7 7. O-O O-O 8.
Be3 Nc6 9. Nb3 a5 10. Bg5 a4 11. Nd4 a3 12. Nxc6 bxc6 13. b4 Be6 14. Rb1 h6 15.
Be3 Ng4 16. Bxg4 Bxg4 17. Qxg4 h5 18. Qh3 Bxc3 19. Bh6 Bg7 20. Bxg7 Kxg7 21.
Qc3+ Kg8 22. Qxc6 Qc8 23. Qxc8 Rfxc8 24. Rfc1 Rc4 25. f3 Rac8 26. Rb3 Rc3 27.
Rxc3 Rxc3 28. Kf2 e6 29. Ke2 d5 30. exd5 exd5 31. Kd2 d4 32. Rb1 {
ANKARALI resigns} 1-0